Kryteria i metody oceny efektywnosci przedsiewziec organizatorskich w przedsiebiorstwie

Uložené v:
Podrobná bibliografia
Hlavný autor: Lichtarski, Jan
Médium: Kniha
Jazyk:Polish
Vydavateľské údaje: Wroclaw Akademia Ekonomiczna 1982
Edícia:Prace naukowe Nr. 216
Tagy: Pridať tag
Žiadne tagy, Buďte prvý, kto otaguje tento záznam!

MARC

LEADER 00000nam a2200000 4500
001 c131378
005 20140522091603.1
041 0 |a pol 
044 |a PL 
245 1 0 |a Kryteria i metody oceny efektywnosci przedsiewziec organizatorskich w przedsiebiorstwie  |c Jan Lichtarski 
264 1 |a Wroclaw  |b Akademia Ekonomiczna  |c 1982 
300 |a 197 s. 
490 1 |a Prace naukowe  |v Nr. 216 
830 0 |a Prace naukowe  |v Nr. 216 
100 1 |a Lichtarski, Jan